000 00343nam a22001217a 4500
003 OSt
008 250110b |||||||| |||| 00| 0 eng d
041 _aeng
245 _aKAU 2000 AD Papers and Proceedings of the seminar held KAU from 2022 to 2024
250 _aMenon, AGG; ed.
260 _bKerala Agricultural University,
_c1984.
942 _cBK
999 _c19004
_d19004